TV Shows by Lego Quiz Stats

 Plays Quiz Updated Jun 16, 2018

Challenge
Share
Tweet
Score 0/18 Timer 05:00
5 Plays Today
% Correct
The Simpsons
95.9%
Scooby-Doo, Where Are You!
95.5%
The Big Bang Theory
94%
SpongeBob SquarePants
93.9%
Star Trek
91.5%
The Flintstones
91.3%
South Park
87.7%
Breaking Bad
82.6%
Game of Thrones
82.2%
% Correct
Doctor Who
81.9%
2 Broke Girls
80.6%
Adventure Time
65.7%
How I Met Your Mother
60.9%
Futurama
58.1%
The Office
56.8%
The Walking Dead
55.3%
Arrested Development
54.7%
Seinfeld
38.2%

You're not logged in!

Compare scores with friends on all Sporcle quizzes.
OR
Log In

You Might Also Like...

Show Comments

Extras

Top Quizzes Today


Score Distribution

Your Account Isn't Verified!

In order to create a playlist on Sporcle, you need to verify the email address you used during registration. Go to your Sporcle Settings to finish the process.

Report this User

Report this user for behavior that violates our Community Guidelines.

Details: